| 000 | 00403nam a2200133 a 4500 | ||
|---|---|---|---|
| 005 | 20140310182405.0 | ||
| 008 | 020121s19uu xx 00 eng d | ||
| 020 | _a0-671-87912-X | ||
| 245 |
_aAustralia / _cText by Geoffrey Somers. |
||
| 260 |
_aNew York : _bPrentice hall general reference, _c1993. |
||
| 300 | _a357p. : ill. (col. ) ; 21cm. | ||
| 650 | _aAustralia--description and travel | ||
| 942 | _cBK | ||
| 999 |
_c12684 _d12684 |
||